[Event "CZE-ch U16"]
[Site "Herlikovice"]
[Date "2021.10.23"]
[Round "1"]
[White "Bezdek, Tomas"]
[Black "Brazda, Zdenek"]
[Result "1-0"]
[WhiteElo "1790"]
[BlackElo "1362"]
[PlyCount "39"]
[EventDate "2021.10.23"]
[EventType "swiss"]
[EventRounds "9"]
[EventCountry "CZE"]
[SourceTitle "EXT 2023"]
[Source "ChessBase"]
[SourceDate "2022.10.05"]
[SourceVersion "1"]
[SourceVersionDate "2022.10.05"]
[SourceQuality "1"]

1. e4 e5 2. Nf3 Nc6 3. Bc4 Bc5 4. b4 Bxb4 5. c3 Bc5 6. d4 exd4 7. 0-0 Nge7 8. cxd4 Bb6 9. Ng5 0-0 10. Qh5 h6 11. Nxf7 Rxf7 12. Bxf7+ Kf8 13. Bb3 Qe8 14. Qf3+ Nf5 15. Qxf5+ Ke7 16. Bb2 d6 17. Qh7 Qf8 18. e5 Bxd4 19. exd6+ Kxd6 20. Ba3+ 1-0